[Event "Schleswig Holstein-ch U14"]
[Site "Neumuenster"]
[Date "2011.04.28"]
[Round "5"]
[White "Faden, Maximilian"]
[Black "Krause, Benedict"]
[Result "0-1"]
[WhiteElo "1499"]
[BlackElo "1746"]
[PlyCount "114"]
[EventDate "2011.04.25"]
[EventType "tourn"]
[EventRounds "9"]
[EventCountry "GER"]
[SourceTitle "EXT 2023"]
[Source "ChessBase"]
[SourceDate "2022.10.05"]
[SourceVersion "1"]
[SourceVersionDate "2022.10.05"]
[SourceQuality "1"]

1. d4 d5 2. c4 e6 3. Nc3 Nf6 4. Nf3 Be7 5. Bf4 0-0 6. e3 Nbd7 7. Rc1 c5 8. Bg3 a6 9. Bd3 dxc4 10. Bxc4 b5 11. Bd3 Bb7 12. 0-0 Qb6 13. Re1 Rfd8 14. Re2 Rac8 15. Rd2 cxd4 16. Nxd4 Nc5 17. Bb1 b4 18. Nce2 Nfe4 19. Bxe4 Nxe4 20. Rxc8 Rxc8 21. Rc2 Rxc2 22. Qxc2 Nxg3 23. Nxg3 Qc5 24. Qxc5 Bxc5 25. Kf1 a5 26. Nb3 Bb6 27. Ne2 a4 28. Nbd4 Bd5 29. b3 e5 30. Nc2 axb3 31. axb3 Bc5 32. Nc1 e4 33. Nd4 Kf8 34. Nce2 f5 35. Kg1 g5 36. Kf1 Kf7 37. Kg1 Kf6 38. Kf1 Ke5 39. Ke1 f4 40. Kd2 f3 41. gxf3 exf3 42. Nc1 Bxd4 43. exd4+ Kxd4 44. Nd3 Bxb3 45. Nxb4 Ke4 46. Ke1 Bc4 47. Nc2 h5 48. Ne3 Be2 49. Kd2 g4 50. Ke1 Kf4 51. Nd5+ Kg5 52. Ne3 Kh4 53. Nf5+ Kh3 54. Ng3 h4 55. Nxe2 fxe2 56. Kxe2 Kxh2 57. Kf1 g3 0-1

[Event "Schleswig Holstein-ch U14 M"]
[Site "Neumuenster"]
[Date "2010.04.11"]
[Round "9"]
[White "Pommerenke, Birger"]
[Black "Faden, Maximilian"]
[Result "1-0"]
[WhiteElo "1446"]
[BlackElo "1442"]
[PlyCount "37"]
[EventDate "2010.04.05"]
[EventType "tourn"]
[EventRounds "9"]
[EventCountry "GER"]
[SourceTitle "EXT 2023"]
[Source "ChessBase"]
[SourceDate "2022.10.05"]
[SourceVersion "1"]
[SourceVersionDate "2022.10.05"]
[SourceQuality "1"]

1. e4 e6 2. d4 d5 3. Nd2 c5 4. exd5 exd5 5. Ndf3 Nc6 6. c3 Nf6 7. g3 Bg4 8. h3 Be6 9. Bg2 cxd4 10. Nxd4 Nxd4 11. Qxd4 Qd7 12. Ne2 b6 13. Nf4 Bc5 14. Qe5 Bd6 15. Qg5 Bxf4 16. Bxf4 Qe7 17. 0-0-0 Rc8 18. Be5 b5 19. Qxg7 1-0

[Event "Schleswig Holstein-ch U14 M"]
[Site "Neumuenster"]
[Date "2010.04.05"]
[Round "1"]
[White "Faden, Maximilian"]
[Black "Polert, Annika"]
[Result "1-0"]
[WhiteElo "1442"]
[BlackElo "1623"]
[PlyCount "93"]
[EventDate "2010.04.05"]
[EventType "tourn"]
[EventRounds "9"]
[EventCountry "GER"]
[SourceTitle "EXT 2023"]
[Source "ChessBase"]
[SourceDate "2022.10.05"]
[SourceVersion "1"]
[SourceVersionDate "2022.10.05"]
[SourceQuality "1"]

1. d4 d5 2. c4 e6 3. Nc3 Nf6 4. Nf3 c6 5. Bg5 dxc4 6. e4 b5 7. a4 b4 8. Nb1 Ba6 9. e5 h6 10. Bxf6 gxf6 11. exf6 Qxf6 12. Ne5 c5 13. Bxc4 Bxc4 14. Nxc4 Qxd4 15. Qxd4 cxd4 16. Nbd2 Nd7 17. Nb3 e5 18. Kd2 f6 19. Rhe1 Rc8 20. Rac1 Kd8 21. Kd3 Rg8 22. g3 Bc5 23. Nca5 Ke7 24. Nb7 Bb6 25. a5 Rxc1 26. Rxc1 Bd8 27. Rc8 f5 28. a6 e4+ 29. Kd2 Ne5 30. Nxd4 Kd7 31. Rxd8+ Rxd8 32. Nxd8 Kxd8 33. Nxf5 Ng4 34. Ke2 h5 35. h3 Nf6 36. Ke3 Kc7 37. b3 Kb6 38. Nd6 Kxa6 39. Nxe4 Nd7 40. Kd4 Kb6 41. g4 hxg4 42. hxg4 a5 43. f4 Nf8 44. f5 Kc6 45. g5 a4 46. bxa4 Nd7 47. Kc4 1-0

[Event "GER-ch U12"]
[Site "Willingen"]
[Date "2009.06.05"]
[Round "9"]
[White "Diederichs, Luise"]
[Black "Faden, Maximilian"]
[Result "1/2-1/2"]
[WhiteElo "1209"]
[BlackElo "1325"]
[PlyCount "65"]
[EventDate "2009.05.30"]
[EventType "swiss"]
[EventRounds "11"]
[EventCountry "GER"]
[SourceTitle "EXT 2010"]
[Source "ChessBase"]
[SourceDate "2010.11.25"]
[SourceVersion "1"]
[SourceVersionDate "2010.11.25"]
[SourceQuality "1"]

1. d4 d5 2. c4 c6 3. Nc3 Nf6 4. Bg5 Nbd7 5. e3 e6 6. cxd5 exd5 7. Bd3 Bd6 8. Nf3 0-0 9. 0-0 Re8 10. Qc2 Nf8 11. Rfe1 Bg4 12. Nd2 Bh5 13. e4 dxe4 14. Ndxe4 Be7 15. Nxf6+ Bxf6 16. Rxe8 Qxe8 17. Bxf6 gxf6 18. Qd2 Qd7 19. Qf4 Qe7 20. Ne4 Nd7 21. Re1 Bg6 22. Qe3 Kg7 23. Nc5 Qxe3 24. Rxe3 Nxc5 25. dxc5 Rd8 26. Bf1 Rd2 27. Re2 Rd1 28. Re3 Ra1 29. a3 Rb1 30. Rb3 b6 31. cxb6 axb6 32. f3 b5 33. Kf2 1/2-1/2

[Event "GER-ch U12"]
[Site "Willingen"]
[Date "2009.06.03"]
[Round "6"]
[White "Faden, Maximilian"]
[Black "Noettling, Dominik"]
[Result "0-1"]
[WhiteElo "1325"]
[BlackElo "1781"]
[PlyCount "70"]
[EventDate "2009.05.30"]
[EventType "swiss"]
[EventRounds "11"]
[EventCountry "GER"]
[SourceTitle "EXT 2010"]
[Source "ChessBase"]
[SourceDate "2010.11.25"]
[SourceVersion "1"]
[SourceVersionDate "2010.11.25"]
[SourceQuality "1"]

1. d4 Nf6 2. c4 e6 3. Nc3 Bb4 4. Nf3 d5 5. Ne5 0-0 6. Bg5 Be7 7. e3 c6 8. Qc2 Nbd7 9. Bd3 h6 10. Bh4 Nxe5 11. dxe5 Nd7 12. Bxe7 Qxe7 13. f4 dxc4 14. Bxc4 Nxe5 15. Be2 Nd7 16. 0-0-0 Nf6 17. Ne4 Nd5 18. Qb3 e5 19. Bc4 exf4 20. Bxd5 cxd5 21. Qxd5 Be6 22. Qe5 Rac8+ 23. Nc3 fxe3 24. Rhe1 Rc5 25. Qe4 Rfc8 26. Rxe3 b5 27. a3 a5 28. Red3 b4 29. axb4 axb4 30. Qxb4 Rxc3+ 31. bxc3 Qxb4 32. Rd8+ Kh7 33. Rxc8 Qa3+ 34. Kd2 Qb2+ 35. Kd3 Bxc8 0-1

[Event "GER-ch U12"]
[Site "Willingen"]
[Date "2009.06.01"]
[Round "4"]
[White "Faden, Maximilian"]
[Black "Myagkov, Kirill"]
[Result "0-1"]
[WhiteElo "1325"]
[BlackElo "1551"]
[PlyCount "86"]
[EventDate "2009.05.30"]
[EventType "swiss"]
[EventRounds "11"]
[EventCountry "GER"]
[SourceTitle "EXT 2010"]
[Source "ChessBase"]
[SourceDate "2010.11.25"]
[SourceVersion "1"]
[SourceVersionDate "2010.11.25"]
[SourceQuality "1"]

1. d4 d5 2. c4 e6 3. Nc3 Nf6 4. Nf3 Be7 5. e3 0-0 6. Qc2 Nc6 7. Bd3 Nb4 8. Qe2 Nxd3+ 9. Qxd3 b6 10. cxd5 Nxd5 11. 0-0 Nb4 12. Qe4 Ba6 13. Rd1 Rb8 14. Qg4 Bd3 15. a3 Bf5 16. Qg3 Nd5 17. Bd2 Nf6 18. Rac1 Nh5 19. Qe5 a6 20. Ne4 Bd6 21. Nxd6 cxd6 22. Bb4 dxe5 23. dxe5 Qe8 24. Bxf8 Qxf8 25. h3 Be4 26. Ng5 Bd5 27. e4 Bb3 28. Rd3 Ba4 29. b3 Bb5 30. Rdc3 h6 31. Nf3 Nf4 32. Nd4 Rd8 33. Nxb5 Ne2+ 34. Kh2 Nxc1 35. Nd6 Rxd6 36. exd6 Qxd6+ 37. g3 Qd2 38. Rc8+ Kh7 39. Kg2 Nd3 40. h4 Qxf2+ 41. Kh3 Ne5 42. b4 Qf1+ 43. Kh2 Nf3# 0-1

[Event "GER-ch U12"]
[Site "Willingen"]
[Date "2009.05.31"]
[Round "2"]
[White "Faden, Maximilian"]
[Black "Xiong, Ferdinand"]
[Result "0-1"]
[WhiteElo "1325"]
[BlackElo "1815"]
[PlyCount "92"]
[EventDate "2009.05.30"]
[EventType "swiss"]
[EventRounds "11"]
[EventCountry "GER"]
[SourceTitle "EXT 2010"]
[Source "ChessBase"]
[SourceDate "2010.11.25"]
[SourceVersion "1"]
[SourceVersionDate "2010.11.25"]
[SourceQuality "1"]

1. d4 Nf6 2. c4 g6 3. Nc3 Bg7 4. e4 d6 5. Nf3 0-0 6. Bg5 h6 7. Be3 e5 8. d5 a5 9. Qd2 Ng4 10. Be2 Na6 11. a3 f5 12. h3 Nxe3 13. Qxe3 Nc5 14. h4 f4 15. Qd2 Nb3 16. Qd1 Nxa1 17. Qxa1 Bf6 18. Qd1 Bg4 19. 0-0 Bxf3 20. Bxf3 Bxh4 21. Bg4 h5 22. Be6+ Kg7 23. Qf3 Kh6 24. Qh3 Qf6 25. f3 Bg3 26. Ne2 Qh4 27. Nxg3 Qxg3 28. Qxg3 fxg3 29. Rc1 b6 30. a4 Kg5 31. b3 Kf4 32. Rc3 g5 33. Rd3 Rae8 34. Rc3 Re7 35. Rd3 Rg7 36. Rc3 Rh8 37. Bf5 g4 38. fxg4 hxg4 39. Rd3 Rg5 40. Kf1 Rh1+ 41. Ke2 Rg1 42. Re3 Rxg2+ 43. Kd3 Rb2 44. Re1 Rxb3+ 45. Kd2 Rh5 46. Rf1+ Rf3 0-1

[Event "GER-ch U10"]
[Site "Willingen"]
[Date "2007.05.28"]
[Round "4"]
[White "Lieber, Carl"]
[Black "Faden, Maximilian"]
[Result "1-0"]
[WhiteElo "1290"]
[BlackElo "1144"]
[PlyCount "79"]
[EventDate "2007.05.26"]
[EventType "swiss"]
[EventRounds "11"]
[EventCountry "GER"]
[SourceTitle "CBM 118 Extra"]
[Source "ChessBase"]
[SourceDate "2007.07.04"]
[SourceVersion "1"]
[SourceVersionDate "2007.07.04"]
[SourceQuality "1"]

1. e4 e5 2. Nf3 Nc6 3. Bc4 Nf6 4. Ng5 d5 5. exd5 Na5 6. Bb5+ c6 7. dxc6 bxc6 8. Be2 h6 9. Nf3 e4 10. Ne5 Qd4 11. f4 Bc5 12. Rf1 0-0 13. c3 Qd6 14. b4 Bxb4 15. cxb4 Qxb4 16. Ba3 Qd4 17. Nc3 Re8 18. Qa4 Qxa4 19. Nxa4 Nh5 20. Bxh5 Ba6 21. Bxf7+ Kh7 22. Bxe8 Bxf1 23. Bg6+ Kg8 24. Kxf1 Rd8 25. Ke2 Rd4 26. Rb1 Rd8 27. Be7 Rc8 28. Bxe4 g6 29. Bxg6 Kg7 30. Nc3 h5 31. Ne4 Nc4 32. Nxc4 Kxg6 33. Ke3 Re8 34. f5+ Kg7 35. Rf1 Kh8 36. f6 a5 37. f7 Ra8 38. f8Q+ Rxf8 39. Rxf8+ Kg7 40. Ne5 1-0

[Event "GER North-chT U16"]
[Site "Magdeburg"]
[Date "2006.08.26"]
[Round "2.3"]
[White "Faden, Maximilian"]
[Black "Hansch, Karsten"]
[Result "0-1"]
[WhiteElo "859"]
[BlackElo "1146"]
[PlyCount "51"]
[EventDate "2006.08.26"]
[EventType "team"]
[EventRounds "7"]
[EventCountry "GER"]
[SourceTitle "EXT 2007"]
[Source "ChessBase"]
[SourceDate "2006.11.23"]
[SourceVersion "1"]
[SourceVersionDate "2006.11.23"]
[SourceQuality "1"]

1. e4 c5 2. Nf3 d6 3. Bc4 Nf6 4. Nc3 Nc6 5. Ng5 Ne5 6. d4 Nxc4 7. dxc5 h6 8. Nf3 dxc5 9. Qxd8+ Kxd8 10. b3 Nb6 11. Bb2 g5 12. 0-0-0+ Kc7 13. Ne5 Be6 14. Nb5+ Kc8 15. Rd2 Nxe4 16. Rd3 Nxf2 17. Rhd1 Nxd3+ 18. Rxd3 f6 19. Nf3 c4 20. bxc4 Bxc4 21. Rc3 Kd7 22. Nd2 Bxb5 23. Rb3 Ba4 24. Rd3+ Ke6 25. Re3+ Kf7 26. Rc3 0-1